Statistiques concernant Meilleures références d'internet #1

Cliquez ici pour prendre le quiz!

Statistiques générales

  • Ce quiz a été pris 385 fois
  • Le résultat moyen est 8 sur 15

Statistiques - réponses

RefRéponse% Correct
Moi tu me parles pas d'__age
93%
Il est ___ ce laitlent
79%
Ehhh on est au ___ ou quoi la ?Cambodge
74%
Les filles je suis ____tombé
74%
Marina passe et tu t'écartes,
marina __ et tu t'inclines
domine
69%
Jviens d avoir mon bac, ce soir on va manger du __riz
68%
___ Croire en nos rêves merci Justin Bieber !Beliève
67%
Yaminaaaa qu'est ce que t'a ? Tu tapes ta ___crise
60%
Jme suis dit ___hassoul
57%
____ les patissiersSalam Alaikum
56%
Alors la Virginie eh tu te ____ !!débrouilles
55%
Alala quel tigné ! Aaaahhhh non c'est ____Jason
32%
Il faut __ qu'il s'est fait prendre des râteaux....sachez
25%
Avec ton habit de ___ la !panthère
11%
Chrismaelle tu me traites pas de _ ___ ca va ?ta gueule
7%

Distribution des résultats

Percentile par nombre de réponses

% des personnes avec chaque résultat

Votre développement - résultats

Vous n’avez pas pris ce quiz